Wanita dan angsa

Bibliographic Details
Main Author: S.Amrit
Format: Book
Published: Kuala Lumpur : Jade green , {(u:k)}
Series:Siri "Lisa graded"
Subjects:

MARC

LEADER 00000cam a2200000 7i4500
001 0000074327
005 20170725.0
008 170725
020 |a 9832253551 
090 0 0 |a JF   |b MAL 
100 0 |a S.Amrit 
245 1 0 |a Wanita dan angsa   |c S.Amrit 
260 |a Kuala Lumpur :   |b Jade green ,   |c {(u:k)} 
440 |a Siri "Lisa graded" 
500 |a Children ages 7-9 years old (orange) 
650 0 |a Judul 
650 0 |a Malay language   |x Readers 
650 0 |a Siri 
999 |a 0000005482   |b Book   |c Children Collection   |e Cawangan Taman Universiti 
999 |a 0000005483   |b Book   |c Children Collection   |e Cawangan Taman Universiti 
999 |a 0000005484   |b Book   |c Children Collection   |e Cawangan Taman Universiti 
999 |a 0000005485   |b Book   |c Children Collection   |e Cawangan Taman Universiti